000 00287nam a22001337a 4500
008 170728b xxu||||| |||| 00| 0 eng d
020 _a9780071751292
041 _aeng
080 _a004
100 _a31
101 _aSHKI
245 _aORACLE DATABASE 11G
_cWANG, J
942 _2udc
_cBK
999 _c22074
_d22074